[Event "15th IBM tournament"]
[Site "Amsterdam NED"]
[Date "1975.??.??"]
[Round "1"]
[White "Sosonko, Gennadi"]
[Black "Gheorghiu, Florin"]
[WhiteElo "2470"]
[BlackElo "2540"]
[Result "1/2-1/2"]
[EventDate "1975.07.??"]
[PlyCount "30"]

1.d4 Nf6 2.c4 c5 3.d5 e5 4.Nc3 d6 5.e4 g6 6.Be2 Bg7 7.Nf3 O-O 8.Bg5 h6 9.
Bh4 Qc7 10.Nd2 Nh7 11.Nb5 Qd7 12.a3 Bf6 13.Bxf6 Nxf6 14.O-O Qe7 15.Qc2 Bg4
1/2-1/2

[Event "15th IBM tournament"]
[Site "Amsterdam NED"]
[Date "1975.??.??"]
[Round "1"]
[White "Uhlmann, Wolfgang"]
[Black "Makarichev, Sergei"]
[WhiteElo "2535"]
[BlackElo "2440"]
[Result "0-1"]
[EventDate "1975.07.??"]
[PlyCount "122"]

1.c4 e5 2.Nc3 Nf6 3.Nf3 Nc6 4.g3 Bb4 5.Bg2 O-O 6.O-O e4 7.Ng5 Bxc3 8.bxc3 
Re8 9.f3 exf3 10.Nxf3 d5 11.cxd5 Qxd5 12.Nd4 Qh5 13.Nxc6 bxc6 14.e3 Bg4 
15.Bf3 Qg6 16.Bxg4 Nxg4 17.Qe2 Rad8 18.Ba3 h5 19.Rab1 a5 20.Rb7 Rd7 21.Qg2
Qe6 22.Bc1 Ne5 23.Qe4 Nd3 24.Qxe6 Rxe6 25.Ba3 Re4 26.Rf5 Ra4 27.Rxh5 g6 
28.Rb8+ Kg7 29.Bf8+ Kf6 30.Rh4 Rxa2 31.Rb1 Rd5 32.Rf1+ Rf5 33.Rxf5+ Kxf5 
34.Rd4 Rxd2 35.Kf1 Ke6 36.h4 f5 37.Bc5 Kf7 38.Rd7+ Ke8 39.Rd4 a4 40.Bb4 
Rf2+ 41.Kg1 Rd2 42.Kf1 c5 43.Bxc5 Rf2+ 44.Kg1 Nxc5 45.Kxf2 a3 46.Rd1 Nb3 
47.e4 fxe4 48.Ke3 a2 49.g4 Kf7 50.c4 a1=Q 51.Rxa1 Nxa1 52.Kxe4 Kf6 53.Kd5 
Nc2 54.Kc6 Ne3 55.c5 Nxg4 56.Kxc7 Ne5 57.Kd6 Kf5 58.Ke7 Nd3 59.Kf7 Nxc5 
60.Kg7 Nd3 61.Kh6 Nf4 0-1

[Event "15th IBM tournament"]
[Site "Amsterdam NED"]
[Date "1975.??.??"]
[Round "3"]
[White "Raicevic, Vladimir"]
[Black "Gheorghiu, Florin"]
[WhiteElo "2440"]
[BlackElo "2540"]
[Result "1/2-1/2"]
[EventDate "1975.07.??"]
[PlyCount "66"]

1.c4 g6 2.g3 Bg7 3.Bg2 c5 4.Nc3 Nc6 5.a3 a6 6.Rb1 Rb8 7.b4 cxb4 8.axb4 b5 
9.cxb5 axb5 10.e4 e5 11.Nge2 Nge7 12.O-O O-O 13.d3 d6 14.h3 h6 15.Kh2 Kh7 
16.f4 exf4 17.Bxf4 Ne5 18.Be3 Be6 19.Nd4 Bd7 20.Qd2 f5 21.Rbc1 fxe4 22.
Bxe4 Rxf1 23.Rxf1 Qc8 24.Bg2 Qd8 25.Ra1 Nf5 26.Nxf5 Bxf5 27.Ra7 g5 28.Ne4 
Kh8 29.Qf2 Qf8 30.Bd4 Bxe4 31.Bxe4 Qxf2+ 32.Bxf2 d5 33.Bxd5 Nxd3 1/2-1/2

[Event "15th IBM tournament"]
[Site "Amsterdam NED"]
[Date "1975.??.??"]
[Round "3"]
[White "Smejkal, Jan"]
[Black "Uhlmann, Wolfgang"]
[WhiteElo "2600"]
[BlackElo "2535"]
[Result "0-1"]
[EventDate "1975.07.??"]
[PlyCount "154"]

1.Nf3 g6 2.e4 d6 3.d4 Nf6 4.Nc3 Bg7 5.h3 O-O 6.Be3 c6 7.a4 a5 8.Be2 Qc7 9.
O-O e5 10.dxe5 dxe5 11.Bc4 Na6 12.Qe2 Qe7 13.Rfd1 Nc5 14.Bxc5 Qxc5 15.Bb3 
Nh5 16.Qd2 Nf4 17.Qd6 Qxd6 18.Rxd6 Ne6 19.Rd2 Re8 20.Rad1 Bf6 21.Bc4 Nd4 
22.Nxd4 exd4 23.Ne2 Rxe4 24.f3 Rh4 25.b3 c5 26.Ng3 b6 27.Ne4 Be7 28.Re2 
Bb7 29.Nf2 Bd6 30.Rde1 Kf8 31.Ne4 Be7 32.Nf2 Bd8 33.Re8+ Kg7 34.Ng4 h5 35.
Ne5 Rf4 36.Nd3 Rf5 37.R1e5 Bc6 38.Rxf5 Bxe8 39.Re5 Bf6 40.Re2 Bd7 41.Kf2 
Kf8 42.Nb2 Bh4+ 43.Kf1 Bg3 44.Bb5 Be6 45.Bc4 Bc8 46.Bb5 Bb7 47.Nc4 Bc7 48.
Ne5 Bxe5 49.Rxe5 h4 50.Ke2 Rd8 51.Kd2 Bd5 52.Bc4 Bxc4 53.bxc4 Re8 54.Rxe8+
Kxe8 55.Kd3 Ke7 56.Ke4 Ke6 57.f4 Kd6 58.Kf3 Ke7 59.g4 hxg3 60.Kxg3 Kf6 61.
Kg4 Ke6 62.h4 Kf6 63.Kg3 Kf5 64.Kf3 f6 65.Kg3 Ke4 66.Kg4 Ke3 67.f5 gxf5+ 
68.Kxf5 Kd2 69.h5 Kxc2 70.h6 d3 71.h7 d2 72.h8=Q d1=Q 73.Qb8 Qf1+ 74.Kg6 
Qxc4 75.Qxb6 Qb4 76.Qxf6 Kb3 77.Qa1 Qc3 0-1

[Event "15th IBM tournament"]
[Site "Amsterdam NED"]
[Date "1975.??.??"]
[Round "4"]
[White "Makarichev, Sergei"]
[Black "Gheorghiu, Florin"]
[WhiteElo "2440"]
[BlackElo "2540"]
[Result "1/2-1/2"]
[EventDate "1975.07.??"]
[PlyCount "31"]

1.e4 c5 2.Nf3 e6 3.c3 d5 4.exd5 Qxd5 5.d4 Nf6 6.Bd3 cxd4 7.cxd4 Nc6 8.O-O 
Be7 9.Nc3 Qd8 10.a3 O-O 11.Bg5 b6 12.Rc1 Bb7 13.Bb1 Rc8 14.Qd3 g6 15.Rfe1 
Re8 16.Bh6 1/2-1/2

[Event "15th IBM tournament"]
[Site "Amsterdam NED"]
[Date "1975.??.??"]
[Round "4"]
[White "Razuvaev, Yury"]
[Black "Sosonko, Gennadi"]
[WhiteElo "2515"]
[BlackElo "2470"]
[Result "1/2-1/2"]
[EventDate "1975.07.??"]
[PlyCount "30"]

1.e4 c5 2.Nf3 d6 3.c3 Nf6 4.Bc4 e6 5.Qe2 Be7 6.Bb3 O-O 7.O-O b6 8.d3 Ba6 
9.Bf4 Nc6 10.Nbd2 d5 11.e5 Nh5 12.Bg3 b5 13.Rfd1 Nxg3 14.hxg3 b4 15.c4 d4 
1/2-1/2

[Event "15th IBM tournament"]
[Site "Amsterdam NED"]
[Date "1975.??.??"]
[Round "6"]
[White "Ljubojevic, Ljubomir"]
[Black "Ree, Hans"]
[WhiteElo "2615"]
[BlackElo "2470"]
[Result "1-0"]
[EventDate "1975.07.??"]
[PlyCount "83"]

1.e4 c5 2.Nf3 d6 3.d4 cxd4 4.Nxd4 Nf6 5.Nc3 Nc6 6.Bc4 Qb6 7.Nde2 e6 8.O-O 
Be7 9.Bb3 O-O 10.Bg5 Na5 11.Ng3 Qc5 12.Qd2 b5 13.Rad1 Nxb3 14.cxb3 Bb7 15.
Rc1 Qb6 16.Nh5 Kh8 17.Bxf6 gxf6 18.Qh6 Rg8 19.Nxf6 Rg7 20.Rfd1 b4 21.Ne2 
Qd8 22.Nh5 Rg5 23.Neg3 Bf8 24.Qf6+ Qxf6 25.Nxf6 Rc8 26.Nd7 Bg7 27.Rxc8+ 
Bxc8 28.Rxd6 Bxb2 29.f4 Ra5 30.Ne5 Kg7 31.Nc4 Rxa2 32.Rd8 Ba6 33.Nxb2 Rxb2
34.Nh5+ Kh6 35.g4 Rc2 36.Rg8 Rc8 37.Rg5 Bb7 38.Nf6 a5 39.Kf2 a4 40.Kg3 e5 
41.Kh4 exf4 42.e5 1-0

[Event "15th IBM tournament"]
[Site "Amsterdam NED"]
[Date "1975.??.??"]
[Round "6"]
[White "Timman, Jan"]
[Black "Gheorghiu, Florin"]
[WhiteElo "2510"]
[BlackElo "2540"]
[Result "1/2-1/2"]
[EventDate "1975.07.??"]
[PlyCount "82"]

1.e4 c5 2.Nf3 d6 3.d4 cxd4 4.Nxd4 Nf6 5.Nc3 a6 6.Bg5 Nc6 7.Qd2 e6 8.O-O-O 
h6 9.Be3 Bd7 10.f4 b5 11.Bd3 Be7 12.Kb1 Nxd4 13.Bxd4 Bc6 14.Rhe1 O-O 15.e5
dxe5 16.fxe5 Nd5 17.Ne4 Nb4 18.Nf6+ Kh8 19.Be4 Rc8 20.a3 Bxe4 21.Rxe4 Rxc2
22.Qe3 Nd5 23.Nxd5 exd5 24.Rg4 Rc6 25.e6 f6 26.Rg6 Qc8 27.Re1 Kh7 28.Qd3 
Kh8 29.Qh3 Kh7 30.Qf5 Kh8 31.Qg4 Rg8 32.Qh5 Rf8 33.Qg4 Rg8 34.Qh3 Rf8 35.
Ka2 Rc2 36.Bc3 d4 37.Rxh6+ gxh6 38.Qxh6+ Kg8 39.Qg6+ Kh8 40.Qh6+ Kg8 41.
Qg6+ Kh8 1/2-1/2

[Event "15th IBM tournament"]
[Site "Amsterdam NED"]
[Date "1975.??.??"]
[Round "7"]
[White "Szabo, Laszlo"]
[Black "Timman, Jan"]
[WhiteElo "2545"]
[BlackElo "2510"]
[Result "1-0"]
[EventDate "1975.07.??"]
[PlyCount "67"]

1.c4 g6 2.Nc3 Bg7 3.d4 d6 4.e4 Nf6 5.f4 c5 6.d5 e6 7.Nf3 O-O 8.Be2 exd5 9.
cxd5 Re8 10.e5 dxe5 11.fxe5 Ng4 12.Bg5 f6 13.exf6 Bxf6 14.Qd2 Bf5 15.O-O 
Bxg5 16.Qxg5 Nd7 17.h3 Ne3 18.Qh6 Nxf1 19.Ng5 Qe7 20.d6 Qe3+ 21.Kxf1 Nf8 
22.Rd1 Re5 23.d7 Rd8 24.Bc4+ Be6 25.Nxe6 Rf5+ 26.Nf4+ Kh8 27.Nd5 Qe4 28.
Be2 Ne6 29.Bf3 Qc4+ 30.Kg1 Nxf4 31.Ne3 Qe6 32.Nxf5 Qxf5 33.Re1 Ne6 34.Bg4 
1-0

[Event "15th IBM tournament"]
[Site "Amsterdam NED"]
[Date "1975.??.??"]
[Round "8"]
[White "Bohm, Hans"]
[Black "Ree, Hans"]
[WhiteElo "2300"]
[BlackElo "2470"]
[Result "1-0"]
[EventDate "1975.07.??"]
[PlyCount "81"]

1.d4 Nf6 2.c4 c5 3.d5 g6 4.Nc3 d6 5.e4 Bg7 6.Bd3 O-O 7.h3 a6 8.Nf3 b5 9.
O-O bxc4 10.Bxc4 Nbd7 11.Rb1 Nb6 12.b3 Nfd7 13.Qc2 Ne5 14.Nxe5 Bxe5 15.Na4
f5 16.Nxb6 Qxb6 17.Bb2 Bxb2 18.Rxb2 fxe4 19.Qxe4 Rf7 20.Re2 Ra7 21.Rfe1 
Qd8 22.Qh4 Qf8 23.Re3 Qg7 24.g4 g5 25.Qg3 Qf6 26.Re4 Kf8 27.Kg2 a5 28.a4 
Ba6 29.Re6 Bxc4 30.Rxf6 Bxd5+ 31.Kg1 Rxf6 32.Qc3 Kg8 33.Qd2 Bc6 34.Qxg5+ 
Kf7 35.Qh5+ Kg7 36.f4 Rb7 37.f5 Bd5 38.Qg5+ Kf7 39.Qd2 Bxb3 40.Rb1 Kf8 41.
Qxa5 1-0

[Event "15th IBM tournament"]
[Site "Amsterdam NED"]
[Date "1975.??.??"]
[Round "8"]
[White "Hamann, Svend"]
[Black "Raicevic, Vladimir"]
[WhiteElo "2485"]
[BlackElo "2440"]
[Result "0-1"]
[EventDate "1975.07.??"]
[PlyCount "70"]

1.d4 d5 2.c4 e6 3.Nc3 Nf6 4.Bg5 Nbd7 5.e3 c6 6.cxd5 exd5 7.Bd3 Bd6 8.Qc2 
Nf8 9.Nf3 Ng6 10.Nh4 O-O 11.O-O-O h6 12.Nxg6 fxg6 13.Bf4 g5 14.Bxd6 Qxd6 
15.h3 Bd7 16.Kb1 Rae8 17.Ka1 g4 18.Ne2 Ne4 19.Bxe4 dxe4 20.Ng3 gxh3 21.
gxh3 Qd5 22.Rd2 Rf7 23.h4 a5 24.Qc5 Ref8 25.Rh2 Bg4 26.b3 g6 27.Kb2 Kg7 
28.Qc2 Bf3 29.Qc1 a4 30.Rc2 Bg4 31.h5 axb3 32.axb3 Be6 33.Rc3 Rxf2+ 34.
Rxf2 Rxf2+ 35.Kb1 Qa5 0-1

[Event "15th IBM tournament"]
[Site "Amsterdam NED"]
[Date "1975.??.??"]
[Round "8"]
[White "Huebner, Robert"]
[Black "Gheorghiu, Florin"]
[WhiteElo "2615"]
[BlackElo "2540"]
[Result "1/2-1/2"]
[EventDate "1975.07.??"]
[PlyCount "96"]

1.e4 c5 2.Nf3 e6 3.d4 cxd4 4.Nxd4 a6 5.Bd3 Nf6 6.O-O d6 7.c4 Be7 8.Nc3 O-O
9.Be3 Nbd7 10.Rc1 Re8 11.h3 Bf8 12.Bb1 b6 13.Bg5 Bb7 14.b3 Rc8 15.Re1 Qc7 
16.a4 g6 17.Qd2 Qb8 18.Rcd1 Qc7 19.Nf3 Be7 20.Nh2 Qc5 21.Bf4 Ne5 22.Be3 
Qc7 23.f4 Ned7 24.Qf2 Bc6 25.Nf3 Nc5 26.Nd2 Qb7 27.e5 Nfd7 28.Bd4 a5 29.
Re3 Rcd8 30.Rf1 Bf8 31.Rg3 Qc7 32.Nb5 Bxb5 33.axb5 Bg7 34.Rf3 Rf8 35.Ne4 
Nxe4 36.Bxe4 dxe5 37.fxe5 Nxe5 38.Bxb6 Nxf3+ 39.Bxf3 Qxb6 40.Qxb6 Bd4+ 41.
Qxd4 Rxd4 42.Ra1 e5 43.Rxa5 e4 44.Be2 Rd2 45.Kf2 Rb2 46.b6 Rxb3 47.c5 Kg7 
48.Ra7 Rd8 1/2-1/2

[Event "15th IBM tournament"]
[Site "Amsterdam NED"]
[Date "1975.??.??"]
[Round "8"]
[White "Ljubojevic, Ljubomir"]
[Black "Sosonko, Gennadi"]
[WhiteElo "2615"]
[BlackElo "2470"]
[Result "1/2-1/2"]
[EventDate "1975.07.??"]
[PlyCount "51"]

1.e4 c5 2.Nf3 d6 3.d4 cxd4 4.Nxd4 Nf6 5.Nc3 g6 6.Be3 Bg7 7.Be2 Nc6 8.O-O 
O-O 9.h3 d5 10.exd5 Nb4 11.Qd2 Nbxd5 12.Nxd5 Nxd5 13.Bh6 e5 14.Bxg7 Kxg7 
15.Nf3 Nf4 16.Qe3 f6 17.Rfd1 Qc7 18.c4 Be6 19.Bf1 b6 20.Rd2 Rad8 21.Rad1 
Rxd2 22.Rxd2 Rd8 23.b4 Rxd2 24.Nxd2 Qd7 25.Kh2 g5 26.a3 1/2-1/2

[Event "15th IBM tournament"]
[Site "Amsterdam NED"]
[Date "1975.??.??"]
[Round "8"]
[White "Razuvaev, Yury"]
[Black "Szabo, Laszlo"]
[WhiteElo "2515"]
[BlackElo "2545"]
[Result "1-0"]
[EventDate "1975.07.??"]
[PlyCount "57"]

1.e4 c5 2.Nf3 d6 3.d4 cxd4 4.Nxd4 Nf6 5.Nc3 a6 6.Be3 e5 7.Nf3 Be7 8.Bc4 
Be6 9.Bxe6 fxe6 10.Ng5 Qd7 11.Qf3 b5 12.Qh3 b4 13.Ne2 h6 14.O-O Rg8 15.Nf3
Bf8 16.Nd2 g5 17.Nc4 Qf7 18.Rad1 g4 19.Qh4 Nxe4 20.Ng3 Nf6 21.Nxd6+ Bxd6 
22.Rxd6 Nbd7 23.f3 Qe7 24.Rc6 Kd8 25.Rd1 gxf3 26.gxf3 Nd5 27.Qxh6 N7f6 28.
Bb6+ Ke8 29.Rxd5 1-0

[Event "15th IBM tournament"]
[Site "Amsterdam NED"]
[Date "1975.??.??"]
[Round "8"]
[White "Smejkal, Jan"]
[Black "Jansa, Vlastimil"]
[WhiteElo "2600"]
[BlackElo "2540"]
[Result "1-0"]
[EventDate "1975.07.??"]
[PlyCount "79"]

1.Nf3 c5 2.c4 g6 3.d4 cxd4 4.Nxd4 Nc6 5.e4 Nf6 6.Nc3 d6 7.Be2 Nxd4 8.Qxd4 
Bg7 9.O-O O-O 10.Qd3 a6 11.Be3 Ng4 12.Bxg4 Bxg4 13.Bd4 Bxd4 14.Qxd4 Be6 
15.b3 Qa5 16.f4 f6 17.f5 Bf7 18.Nd5 Bxd5 19.exd5 Rf7 20.Qg4 g5 21.Rfe1 Rc8
22.Re2 b5 23.Rc1 Qa3 24.Rcc2 Qb4 25.h3 Qc5+ 26.Kh2 b4 27.Re4 Kh8 28.Rce2 
Rc7 29.Qh5 Rg7 30.Qe8+ Rg8 31.Qf7 Rg7 32.Qf8+ Rg8 33.Qh6 Qa7 34.c5 dxc5 
35.d6 exd6 36.Qxf6+ Rcg7 37.Re7 Qb8 38.Rf7 d5+ 39.Kg1 Qf4 40.Rxg7 1-0

[Event "15th IBM tournament"]
[Site "Amsterdam NED"]
[Date "1975.??.??"]
[Round "9"]
[White "Gheorghiu, Florin"]
[Black "Hamann, Svend"]
[WhiteElo "2540"]
[BlackElo "2485"]
[Result "1/2-1/2"]
[EventDate "1975.07.??"]
[PlyCount "56"]

1.d4 d5 2.c4 e6 3.Nc3 c6 4.cxd5 exd5 5.Bf4 Bf5 6.e3 Nf6 7.Nf3 Qb6 8.Qc1 h6
9.Ne5 Nbd7 10.Nxd7 Nxd7 11.Be2 Be7 12.O-O O-O 13.Rd1 Rfe8 14.Bd3 Bxd3 15.
Rxd3 Bg5 16.Bg3 h5 17.h3 Re6 18.Ne2 Qd8 19.Rb3 Nb6 20.Nf4 Bxf4 21.Bxf4 Rg6
22.Qd1 h4 23.Qh5 Qe7 24.Qe5 Qd7 25.Kh1 Rc8 26.Qh5 Qe7 27.Qe5 Qd7 28.Qh5 
Qe7 1/2-1/2

[Event "15th IBM tournament"]
[Site "Amsterdam NED"]
[Date "1975.??.??"]
[Round "9"]
[White "Jansa, Vlastimil"]
[Black "Bohm, Hans"]
[WhiteElo "2540"]
[BlackElo "2300"]
[Result "1-0"]
[EventDate "1975.07.??"]
[PlyCount "79"]

1.e4 Nf6 2.e5 Nd5 3.d4 d6 4.Nf3 Bg4 5.Be2 e6 6.O-O Be7 7.h3 Bh5 8.c4 Nb6 
9.exd6 cxd6 10.Nc3 O-O 11.Bf4 Nc6 12.d5 exd5 13.Nxd5 Bxf3 14.Bxf3 Nxc4 15.
Qb3 N4e5 16.Qxb7 Bg5 17.Bxe5 Nxe5 18.Be2 Rb8 19.Qa6 Ng6 20.b3 Qd7 21.Rad1 
Rfe8 22.Rfe1 h6 23.Bg4 f5 24.Bh5 Rxe1+ 25.Rxe1 Nf8 26.h4 Bd8 27.Re8 g6 28.
Bxg6 Rb5 29.Rxd8 Qxd8 30.Qxb5 Nxg6 31.g3 Ne5 32.Qb7 a5 33.Ne7+ Kh8 34.Nxf5
Qf6 35.Qe4 d5 36.Qf4 Nd3 37.Qxh6+ Qxh6 38.Nxh6 Nc1 39.Nf5 Nxa2 40.Kg2 1-0

[Event "15th IBM tournament"]
[Site "Amsterdam NED"]
[Date "1975.??.??"]
[Round "9"]
[White "Raicevic, Vladimir"]
[Black "Uhlmann, Wolfgang"]
[WhiteElo "2440"]
[BlackElo "2535"]
[Result "1/2-1/2"]
[EventDate "1975.07.??"]
[PlyCount "168"]

1.c4 g6 2.g3 Bg7 3.Bg2 e5 4.Nc3 d6 5.Nf3 f5 6.d3 Nf6 7.e4 O-O 8.O-O fxe4 
9.dxe4 Na6 10.h3 Be6 11.Qe2 h6 12.Rd1 Qe8 13.Be3 g5 14.Nd2 Qf7 15.g4 Nb4 
16.Rac1 Nc6 17.Qd3 Nd7 18.Ne2 Nc5 19.Qc3 Nd4 20.Re1 b5 21.b4 Na4 22.Qa3 a6
23.Ng3 c5 24.Nf5 Qd7 25.Bf1 cxb4 26.Qxb4 a5 27.Qb1 b4 28.Bxd4 exd4 29.Nf3 
Nc3 30.Qb2 Bxf5 31.exf5 Rae8 32.a3 Qc6 33.Kg2 d3 34.Qd2 Ne2 35.Bxe2 dxe2 
36.axb4 axb4 37.Qxb4 h5 38.Qd2 hxg4 39.hxg4 Re4 40.Qxg5 Rf7 41.Kg3 Kf8 42.
Rc2 Bf6 43.Qh6+ Bg7 44.Qg6 Qe8 45.Ng5 Qe5+ 46.Kg2 Rxg4+ 47.Kh3 Rxg5 48.
Qxg5 Rxf5 49.Qd8+ Kf7 50.Qd7+ Kg8 51.Rexe2 Rh5+ 52.Kg4 Qg5+ 53.Kf3 Qf6+ 
54.Ke3 Qd4+ 55.Kf3 Qf6+ 56.Ke3 Re5+ 57.Kd2 Qh6+ 58.Re3 Qf4 59.Ke2 Rxe3+ 
60.fxe3 Qe4 61.Qc8+ Kf7 62.Rd2 Qg2+ 63.Kd1 Qg1+ 64.Kc2 Qxe3 65.Qb7+ Kf8 
66.Qb8+ Kf7 67.Qb3 Qe4+ 68.Qd3 Qe5 69.Qd5+ Ke7 70.Qxe5+ Bxe5 71.Kd3 Kd7 
72.Ke4 Kc6 73.Rd5 Bc3 74.Kf5 Kd7 75.Rd3 Bb4 76.Rb3 Bc5 77.Ke4 Kc6 78.Rb8 
Kc7 79.Re8 Kc6 80.Kf5 Bb4 81.Ke4 Ba3 82.Ra8 Bb4 83.Kf5 Kc5 84.Rc8+ Kd4 
1/2-1/2

[Event "15th IBM tournament"]
[Site "Amsterdam NED"]
[Date "1975.??.??"]
[Round "9"]
[White "Ree, Hans"]
[Black "Makarichev, Sergei"]
[WhiteElo "2470"]
[BlackElo "2440"]
[Result "1/2-1/2"]
[EventDate "1975.07.??"]
[PlyCount "50"]

1.d4 Nf6 2.c4 e6 3.Nf3 b6 4.g3 Bb7 5.Bg2 Be7 6.O-O O-O 7.Nc3 Ne4 8.Qc2 
Nxc3 9.Qxc3 Be4 10.b3 f5 11.Bb2 Bf6 12.Rad1 d6 13.Ne1 Bxg2 14.Nxg2 Nc6 15.
Qf3 Qd7 16.e4 fxe4 17.Qxe4 Rae8 18.Rfe1 d5 19.Qc2 g6 20.Ne3 Bg7 21.f4 Rd8 
22.Kg2 dxc4 23.Qxc4 Nxd4 24.Bxd4 Bxd4 25.Ng4 c5 1/2-1/2

[Event "15th IBM tournament"]
[Site "Amsterdam NED"]
[Date "1975.??.??"]
[Round "9"]
[White "Szabo, Laszlo"]
[Black "Huebner, Robert"]
[WhiteElo "2545"]
[BlackElo "2615"]
[Result "1-0"]
[EventDate "1975.07.??"]
[PlyCount "79"]

1.d4 g6 2.e4 Bg7 3.Nf3 d6 4.Nc3 Nf6 5.Be2 O-O 6.O-O c6 7.a4 a5 8.Be3 Ng4 
9.Bg5 f6 10.Bd2 Nh6 11.Qc1 Nf7 12.Be3 e6 13.d5 cxd5 14.exd5 e5 15.Nd2 Nd7 
16.Nc4 b6 17.Qd2 f5 18.f3 Ba6 19.Na3 Bxe2 20.Qxe2 Nc5 21.Nc4 e4 22.f4 Bxc3
23.bxc3 Rb8 24.Rfb1 Nxa4 25.Rxa4 b5 26.Rxa5 bxc4 27.Rba1 Qc7 28.Ra7 Rb7 
29.Rxb7 Qxb7 30.Qxc4 Qb2 31.Rc1 Rb8 32.h3 Qb7 33.Qd4 Qb2 34.Qf6 Rc8 35.Rf1
Kf8 36.Bd4 Qb7 37.Ra1 Rc7 38.Qg7+ Ke8 39.Qg8+ Ke7 40.Ra8 1-0

[Event "15th IBM tournament"]
[Site "Amsterdam NED"]
[Date "1975.??.??"]
[Round "10"]
[White "Huebner, Robert"]
[Black "Timman, Jan"]
[WhiteElo "2615"]
[BlackElo "2510"]
[Result "1-0"]
[EventDate "1975.07.??"]
[PlyCount "75"]

1.e4 c5 2.Nc3 Nc6 3.g3 g6 4.Bg2 Bg7 5.d3 d6 6.f4 e5 7.Nf3 Nge7 8.O-O O-O 
9.Nd5 exf4 10.Nxf4 d5 11.c3 dxe4 12.dxe4 b6 13.Nd5 Be6 14.Ng5 Ne5 15.Bf4 
Bg4 16.Qc2 h6 17.Nh3 Nxd5 18.exd5 Bf5 19.Qd2 Nc4 20.Qe2 b5 21.Nf2 g5 22.
Bc1 Qd7 23.a4 Rae8 24.Qd1 b4 25.cxb4 cxb4 26.Qb3 Qc7 27.h4 Bd4 28.hxg5 Ne3
29.Bxe3 Rxe3 30.Qxb4 Re4 31.d6 Qc2 32.Bxe4 Qxe4 33.Kh2 Qe5 34.Rad1 Be3 35.
Qc3 Qxc3 36.bxc3 hxg5 37.d7 Rd8 38.Rfe1 1-0

[Event "15th IBM tournament"]
[Site "Amsterdam NED"]
[Date "1975.??.??"]
[Round "10"]
[White "Ljubojevic, Ljubomir"]
[Black "Raicevic, Vladimir"]
[WhiteElo "2615"]
[BlackElo "2440"]
[Result "1/2-1/2"]
[EventDate "1975.07.??"]
[PlyCount "35"]

1.e4 e6 2.Nf3 d5 3.Nc3 Nf6 4.e5 Nfd7 5.d4 c5 6.dxc5 Nc6 7.Bf4 Bxc5 8.Bd3 
Nf8 9.a3 Ng6 10.Bg3 O-O 11.O-O a6 12.Ne2 b5 13.c3 Bd7 14.Nf4 Ncxe5 15.Nxe5
Nxe5 16.Nxe6 Bxe6 17.Bxe5 Qg5 18.Re1 1/2-1/2

[Event "15th IBM tournament"]
[Site "Amsterdam NED"]
[Date "1975.??.??"]
[Round "10"]
[White "Makarichev, Sergei"]
[Black "Razuvaev, Yury"]
[WhiteElo "2440"]
[BlackElo "2515"]
[Result "1/2-1/2"]
[EventDate "1975.07.??"]
[PlyCount "36"]

1.e4 e5 2.Nf3 Nc6 3.Bb5 a6 4.Ba4 Nf6 5.O-O Be7 6.Re1 b5 7.Bb3 d6 8.c3 O-O 
9.h3 Nb8 10.d4 Nbd7 11.Nbd2 Bb7 12.Bc2 Re8 13.Nf1 Bf8 14.Ng3 g6 15.a4 c5 
16.b3 Bg7 17.d5 Qc7 18.Be3 Rab8 1/2-1/2

[Event "15th IBM tournament"]
[Site "Amsterdam NED"]
[Date "1975.??.??"]
[Round "11"]
[White "Gheorghiu, Florin"]
[Black "Ljubojevic, Ljubomir"]
[WhiteElo "2540"]
[BlackElo "2615"]
[Result "0-1"]
[EventDate "1975.07.??"]
[PlyCount "56"]

1.e4 c5 2.Nf3 d6 3.d4 cxd4 4.Nxd4 Nf6 5.Nc3 a6 6.Bg5 e6 7.f4 b5 8.e5 dxe5 
9.fxe5 Qc7 10.exf6 Qe5+ 11.Be2 Qxg5 12.Qd3 Qxf6 13.Rf1 Qe5 14.O-O-O Ra7 
15.Nf3 Qf4+ 16.Nd2 Qc7 17.Bh5 g6 18.Qd4 e5 19.Qf2 Bc5 20.Qf6 O-O 21.Nd5 
Be7 22.Qf3 Bb7 23.Nxe7+ Qxe7 24.Qf2 Bd5 25.Bf3 Bxa2 26.Ne4 Rc7 27.Qb6 Rfc8
28.Nf6+ Qxf6 0-1

[Event "15th IBM tournament"]
[Site "Amsterdam NED"]
[Date "1975.??.??"]
[Round "11"]
[White "Jansa, Vlastimil"]
[Black "Makarichev, Sergei"]
[WhiteElo "2540"]
[BlackElo "2440"]
[Result "0-1"]
[EventDate "1975.07.??"]
[PlyCount "94"]

1.e4 e5 2.Nf3 Nf6 3.d4 Nxe4 4.Bd3 d5 5.Nxe5 Bd6 6.O-O O-O 7.c4 Bxe5 8.dxe5
Nc6 9.f4 Bf5 10.Nc3 Nxc3 11.bxc3 Bxd3 12.Qxd3 dxc4 13.Qxc4 Qd7 14.Rb1 b6 
15.Rb2 Rad8 16.Re2 Qd3 17.Qxd3 Rxd3 18.Re3 Rfd8 19.Kf2 Kf8 20.Ke2 Rxe3+ 
21.Bxe3 Rd5 22.Kf3 Na5 23.Ke4 Nc4 24.Bd4 Rd8 25.Kd3 Na3 26.Ke2 c5 27.Be3 
Nc4 28.Bc1 Ke7 29.Rf3 Ke6 30.Rh3 h6 31.Rf3 h5 32.Rg3 g6 33.Rg5 b5 34.Rg3 
a5 35.Be3 Rd5 36.Bc1 Kf5 37.Rd3 Rxd3 38.Kxd3 a4 39.g3 g5 40.fxg5 Nxe5+ 41.
Kc2 c4 42.h4 Nd3 43.Ba3 Kg4 44.Bd6 Nf2 45.Be5 Ne4 46.Kd1 Nxg3 47.Ke1 Kf3 
0-1

[Event "15th IBM tournament"]
[Site "Amsterdam NED"]
[Date "1975.??.??"]
[Round "11"]
[White "Raicevic, Vladimir"]
[Black "Smejkal, Jan"]
[WhiteElo "2440"]
[BlackElo "2600"]
[Result "0-1"]
[EventDate "1975.07.??"]
[PlyCount "80"]

1.e4 c5 2.Nf3 e6 3.d4 cxd4 4.Nxd4 a6 5.Bd3 Nf6 6.O-O d6 7.c4 Be7 8.Nc3 O-O
9.b3 Nc6 10.Nxc6 bxc6 11.Bb2 Bb7 12.Qe2 Nd7 13.Rad1 Qc7 14.Bb1 Rad8 15.Rd3
e5 16.f4 exf4 17.Rxf4 Ne5 18.Rg3 Rfe8 19.Qh5 g6 20.Rxf7 Qb6+ 21.Kh1 Kxf7 
22.Qxh7+ Ke6 23.Qh3+ Kf7 24.Nd5 cxd5 25.exd5 Rf8 26.Qe6+ Ke8 27.Bxg6+ Nxg6
28.Qxg6+ Kd7 29.Qe6+ Kc7 30.Qxe7+ Kb8 31.Rf3 Rxf3 32.gxf3 Rg8 33.Qe1 Qd8 
34.Ba3 Qf6 35.Qf1 Bc8 36.Bc1 Qd4 37.Qe1 Bh3 38.Be3 Bg2+ 39.Kg1 Bxf3+ 40.
Kf2 Rg2+ 0-1

[Event "15th IBM tournament"]
[Site "Amsterdam NED"]
[Date "1975.??.??"]
[Round "11"]
[White "Sosonko, Gennadi"]
[Black "Ree, Hans"]
[WhiteElo "2470"]
[BlackElo "2470"]
[Result "1/2-1/2"]
[EventDate "1975.07.??"]
[PlyCount "33"]

1.d4 e6 2.c4 Bb4+ 3.Bd2 Qe7 4.g3 f5 5.Bg2 Nf6 6.Nf3 O-O 7.O-O Bxd2 8.Qxd2 
Ne4 9.Qc2 d6 10.Nc3 Nxc3 11.Qxc3 Nd7 12.b4 e5 13.e3 e4 14.Nd2 Nf6 15.f3 
exf3 16.Bxf3 c6 17.Rae1 1/2-1/2

[Event "15th IBM tournament"]
[Site "Amsterdam NED"]
[Date "1975.??.??"]
[Round "12"]
[White "Ljubojevic, Ljubomir"]
[Black "Szabo, Laszlo"]
[WhiteElo "2615"]
[BlackElo "2545"]
[Result "1/2-1/2"]
[EventDate "1975.07.??"]
[PlyCount "30"]

1.e4 e6 2.d3 d5 3.Nd2 Nf6 4.Ngf3 c5 5.c3 Nc6 6.a3 Be7 7.Be2 O-O 8.O-O Qc7 
9.Qc2 b6 10.b4 Bb7 11.bxc5 bxc5 12.Re1 Bd6 13.exd5 exd5 14.Nf1 Ne5 15.Rb1 
Rfe8 1/2-1/2

[Event "15th IBM tournament"]
[Site "Amsterdam NED"]
[Date "1975.??.??"]
[Round "12"]
[White "Smejkal, Jan"]
[Black "Gheorghiu, Florin"]
[WhiteElo "2600"]
[BlackElo "2540"]
[Result "1-0"]
[EventDate "1975.07.??"]
[PlyCount "79"]

1.Nf3 c5 2.c4 Nf6 3.g3 b6 4.Bg2 Bb7 5.Nc3 g6 6.O-O Bg7 7.d4 Ne4 8.Nd5 O-O 
9.Ng5 Nd6 10.dxc5 bxc5 11.Bf4 e5 12.Bc1 Nc6 13.b3 h6 14.Ne4 Nxe4 15.Bxe4 
f5 16.Bg2 e4 17.Rb1 Ne7 18.Nxe7+ Qxe7 19.Bf4 Rf6 20.h4 Kh7 21.Qd2 d6 22.
Rfd1 Bf8 23.b4 cxb4 24.Qxb4 Bc6 25.Rd4 Rd8 26.Rbd1 Re6 27.Qd2 Ba4 28.Rb1 
Bc6 29.Rd1 Ba4 30.Rb1 Bc6 31.Qa5 Bg7 32.Rdd1 Be5 33.Qa6 Bxf4 34.Qxc6 d5 
35.Rb7 Rxc6 36.Rxe7+ Kg8 37.gxf4 Rxc4 38.e3 Ra4 39.Rd2 a5 40.h5 1-0

[Event "15th IBM tournament"]
[Site "Amsterdam NED"]
[Date "1975.??.??"]
[Round "13"]
[White "Raicevic, Vladimir"]
[Black "Ree, Hans"]
[WhiteElo "2440"]
[BlackElo "2470"]
[Result "1/2-1/2"]
[EventDate "1975.07.??"]
[PlyCount "83"]

1.c4 g6 2.Nc3 c5 3.g3 Bg7 4.Bg2 Nc6 5.a3 e6 6.Rb1 a5 7.e4 Nge7 8.Nge2 O-O 
9.O-O b6 10.Nb5 d5 11.d4 cxd4 12.exd5 exd5 13.Bg5 f6 14.cxd5 Nxd5 15.Qb3 
Be6 16.Nexd4 Nxd4 17.Nxd4 Bf7 18.Nc6 Ne7 19.Qxf7+ Kxf7 20.Nxd8+ Raxd8 21.
Be3 Nd5 22.Bxd5+ Rxd5 23.Bxb6 Rb8 24.Bc7 Rb7 25.Rfc1 a4 26.Bf4 Bf8 27.Rc3 
Rdb5 28.Bc1 Rb3 29.Rxb3 Rxb3 30.Ra1 Bc5 31.Kg2 Ke6 32.h4 h5 33.Rb1 Bd4 34.
Kf1 Kd5 35.Ke2 Ke4 36.Bd2 Bxb2 37.f3+ Kd5 38.Bb4 Be5 39.Rd1+ Ke6 40.f4 Bc7
41.Rc1 Kd7 42.Rd1+ 1/2-1/2

[Event "15th IBM tournament"]
[Site "Amsterdam NED"]
[Date "1975.??.??"]
[Round "15"]
[White "Raicevic, Vladimir"]
[Black "Sosonko, Gennadi"]
[WhiteElo "2440"]
[BlackElo "2470"]
[Result "1-0"]
[EventDate "1975.07.??"]
[PlyCount "83"]

1.c4 Nf6 2.Nc3 e6 3.d4 Bb4 4.e3 O-O 5.Bd3 d5 6.a3 dxc4 7.Bxc4 Bxc3+ 8.bxc3
c5 9.Ne2 Qc7 10.Bd3 Nc6 11.O-O e5 12.Bb2 Re8 13.Rc1 e4 14.Bb1 Bf5 15.f4 
Nd5 16.Qd2 Na5 17.Ba2 c4 18.h3 Qd7 19.Kh2 h5 20.Rg1 Rac8 21.Ng3 h4 22.Nxf5
Qxf5 23.g4 Qd7 24.Qf2 Qd6 25.g5 Rc6 26.Rg4 Rb6 27.Re1 Rb5 28.a4 Rb6 29.
Rxh4 Qc6 30.Qc2 Rb3 31.f5 Qxa4 32.Bxb3 cxb3 33.Qe2 g6 34.Ra1 Qc4 35.Qf2 
gxf5 36.Rxa5 Qc7+ 37.Kh1 Qxa5 38.Qxf5 Re6 39.Rf4 Re7 40.g6 f6 41.c4 Qe1+ 
42.Rf1 1-0